000 00684cam a2200241ua 4500
001 5505
005 20260515113911.0
008 131023n ii |||gr||||Z||||||eng
020 _a978-81-923218-6-8
040 _cMAIN
082 _a320.95416
245 _aPolitics of north east India with special reference to Assam
_cby Deepan Das
250 _a1st ed.
260 _aDibrugarh:
_bNational library,
_c2013.
300 _ax,273.
653 _aPolitical science
653 _aPolitics of Northeast India
700 _aDas.Deepan,
_eAuthor.,
700 _aBora,Ganesh Ch.,
_eAuthor.,
700 _aDas,Dheeraj Kr.,
_eAuthor.
700 _aKonwar,Narayan,
_eAuthor.
942 _cBK
999 _c4680
_d4680